Statistics for NFL Super Bowl MVP's

Click here to take the quiz!

General Stats

  • This quiz has been taken 119 times
  • The average score is 31 of 58

Answer Stats

HintAnswer% Correct
2024 - ChiefsPatrick Mahomes
100%
2023 - ChiefsPatrick Mahomes
100%
2020 - ChiefsPatrick Mahomes
100%
2021 - BuccaneersTom Brady
99%
2002 - PatriotsTom Brady
99%
2004 - PatriotsTom Brady
99%
2017 - PatriotsTom Brady
99%
2015 - PatriotsTom Brady
99%
2022 - RamsCooper Kupp
90%
2007 - ColtsPeyton Manning
90%
2008 - GiantsEli Manning
89%
2012 - GiantsEli Manning
89%
2018 - EaglesNick Foles
87%
2011 - PackersAaron Rodgers
84%
2010 - SaintsDrew Brees
79%
1982 - 49ersJoe Montana
72%
1985 - 49ersJoe Montana
72%
1990 - 49ersJoe Montana
72%
2016 - BroncosVon Miller
72%
2013 - RavensJoe Flacco
71%
2019 - PatriotsJulian Edelman
71%
1994 - CowboysEmmitt Smith
64%
2014 - SeahawksMalcolm Smith
62%
2001 - RavensRay Lewis
62%
1995 - 49ersSteve Young
57%
1999 - BroncosJohn Elway
55%
1989 - 49ersJerry Rice
54%
1993 - CowboysTroy Aikman
54%
2000 - RamsKurt Warner
49%
2009 - SteelersSantonio Holmes
46%
1979 - SteelersTerry Bradshaw
46%
1980 - SteelersTerry Bradshaw
46%
1998 - BroncosTerrell Davis
38%
1968 - PackersBart Starr
37%
1967 - PackersBart Starr
37%
2006 - SteelersHines Ward
37%
1975 - SteelersFranco Harris
36%
1969 - JetsJoe Namath
33%
1972 - CowboysRoger Staubach
33%
1996 - CowboysLarry Brown
32%
1988 - RedskinsDoug Williams
28%
1978 - CowboysHarvey Martin/Randy White
26%
1984 - RaidersMarcus Allen
26%
1987 - GiantsPhil Simms
26%
2003 - BuccaneersDexter Jackson
24%
2005 - PatriotsDeion Branch
23%
1976 - SteelersLynn Swann
23%
1970 - ChiefsLen Dawson
21%
1974 - DolphinsLarry Csonka
20%
1997 - PackersDesmond Howard
19%
1983 - RedskinsJohn Riggins
19%
1981 - RaidersJim Plunkett
17%
1992 - RedskinsMark Rypien
15%
1986 - BearsRichard Dent
15%
1991 - GiantsOttis Anderson
14%
1973 - DolphinsJake Scott
11%
1971 - CowboysChuck Howley
10%
1977 - RaidersFred Billetnikoff
9%

Score Distribution

Percentile by Number Answered

Percent of People with Each Score

Your Score History

You have not taken this quiz